The art of war and military thought / (Record no. 185345)

000 -LEADER
fixed length control field 00861 a2200217 4500
003 - CONTROL NUMBER IDENTIFIER
control field Nust
005 - DATE AND TIME OF LATEST TRANSACTION
control field 20230307095427.0
010 ## - LIBRARY OF CONGRESS CONTROL NUMBER
LC control number 87037465
020 ## - INTERNATIONAL STANDARD BOOK NUMBER
International Standard Book Number 0385237847 :
040 ## - CATALOGING SOURCE
Transcribing agency Nust
082 00 - DEWEY DECIMAL CLASSIFICATION NUMBER
Classification number 355.02,CRE
100 0# - MAIN ENTRY--PERSONAL NAME
Personal name Creveld, Martin Van
9 (RLIN) 51470
245 14 - TITLE STATEMENT
Title The art of war and military thought /
Statement of responsibility, etc. Martin Van Creveld
250 ## - EDITION STATEMENT
Edition statement 1st ed.
260 ## - PUBLICATION, DISTRIBUTION, ETC.
Place of publication, distribution, etc. London :
Name of publisher, distributor, etc. Doubleday,
Date of publication, distribution, etc. 2000
300 ## - PHYSICAL DESCRIPTION
Extent 224 p. ;
Dimensions 28 cm.
505 ## - FORMATTED CONTENTS NOTE
Formatted contents note Introduction Studying War (Page-13), Chinese Military Thought (Page-19), From Antiquity to The Middle Ages (Page-37), From 1500 to 1763 (Page-67), Guibert to Clausewitz (Page-95), The Nineteenth Century (Page-121), Naval Warfare (Page-145), The Interwar Period (Page-161), From 1945 to The Present (Page-185).
650 #0 - SUBJECT ADDED ENTRY--TOPICAL TERM
Topical term or geographic name entry element Military art and science
9 (RLIN) 37914
700 1# - ADDED ENTRY--PERSONAL NAME
Personal name Wing, R. L.
9 (RLIN) 109919
942 ## - ADDED ENTRY ELEMENTS (KOHA)
Source of classification or shelving scheme
Koha item type Book
Holdings
Withdrawn status Lost status Source of classification or shelving scheme Damaged status Not for loan Permanent Location Current Location Shelving location Date acquired Full call number Barcode Date last seen Price effective from Koha item type Public note
          Military College of Signals (MCS) Military College of Signals (MCS) General Stacks 12/12/2016 355.02,CRE MCS31899 12/08/2016 12/12/2016 Book Almirah No.73, Shelf No.8
© 2023 Central Library, National University of Sciences and Technology. All Rights Reserved.